000 00456nam a2200157 i 4500
001 30192
003 ES-MaACL
005 20230906154143.0
007 t|
008 030123s1904 fr ||||1| fre d
100 1 _aBarral, E.
_925833
245 1 0 _aPrécis d'Analyse chimique qualitative /
_cpar E. Barral.
260 _aParís :
_bBailliere et Fils,
_c1904 (
_eCorbeil :
_fCrété)
300 _aVII, 496 p. :
_bil. ;
_c19 cm.
852 _aES-MaACL
_jD-1477
999 _c30192
_d30192